|
|
|
|
| LEADER |
00000nam0a2200000 4500 |
| 001 |
376419 |
| 005 |
20231101051951.0 |
| 035 |
|
|
|a (RuTPU)RU\TPU\retro\33859
|
| 035 |
|
|
|a RU\TPU\book\281145
|
| 090 |
|
|
|a 376419
|
| 100 |
|
|
|a 20221222d1944 k y0rusy50 ca
|
| 101 |
0 |
|
|a rus
|
| 102 |
|
|
|a RU
|
| 105 |
|
|
|a af z 000zy
|
| 200 |
1 |
|
|a Вспомогательный флот и портовые плавучие средства
|f А. И. Килессо
|
| 210 |
|
|
|a Москва
|c Военно-морское изд-во НК ВМФ СССР
|d 1944
|a Ленинград
|
| 215 |
|
|
|a 512 с.
|c ил.
|
| 300 |
|
|
|a Подписано к печати 4.05.1944 г.
|
| 610 |
1 |
|
|a военное кораблестроение
|
| 610 |
1 |
|
|a военно-морской флот
|
| 610 |
1 |
|
|a вспомогательный флот
|
| 610 |
1 |
|
|a учебные суда
|
| 610 |
1 |
|
|a плавучие базы
|
| 610 |
1 |
|
|a госпитально-санитарные суда
|
| 610 |
1 |
|
|a посыльные суда
|
| 610 |
1 |
|
|a транспортные суда
|
| 610 |
1 |
|
|a танкеры
|
| 610 |
1 |
|
|a плавучие средства
|
| 610 |
1 |
|
|a спасательные суда
|
| 610 |
1 |
|
|a плавучие мастерские
|
| 610 |
1 |
|
|a десантные суда
|
| 610 |
1 |
|
|a яхты
|
| 610 |
1 |
|
|a суда гидрографической службы
|
| 610 |
1 |
|
|a портовые плавучие средства
|
| 610 |
1 |
|
|a буксиры
|
| 610 |
1 |
|
|a ледоколы
|
| 610 |
1 |
|
|a плавучие противопожарные средства
|
| 610 |
1 |
|
|a баржи
|
| 610 |
1 |
|
|a плавучие доки
|
| 610 |
1 |
|
|a кессоны
|
| 610 |
1 |
|
|a плавучие станции
|
| 610 |
1 |
|
|a плавучие краны
|
| 610 |
1 |
|
|a кабельные суда
|
| 610 |
1 |
|
|a килекторы
|
| 610 |
1 |
|
|a барражные суда
|
| 610 |
1 |
|
|a экспериментально-испытательные суда
|
| 610 |
1 |
|
|a мишени
|
| 675 |
|
|
|a 629.12
|v 3
|
| 686 |
|
|
|a Ц66,6(2)г
|v LBC/SL-A
|2 rubbk
|
| 700 |
|
1 |
|a Килессо
|b А. И.
|
| 801 |
|
1 |
|a RU
|b 63413507
|c 20140423
|
| 801 |
|
2 |
|a RU
|b 63413507
|c 20221222
|g RCR
|
| 942 |
|
|
|c BK
|